Modelovanie procesov tvorby a zdokonaľovania organizačných štruktúr systémov riadenia podniku kandidátska dizertačná práca

Enregistré dans:
Détails bibliographiques
Auteur principal: Minárik, Alojz
Collectivité auteur: Vysoká škola ekonomická v Bratislave. Fakulta riadenia
Format: Livre
Langue:slovaque
Publié: Bratislava 1989
Tags: Ajouter un tag
Pas de tags, Soyez le premier à ajouter un tag!

MARC

LEADER 00000nam a2200000 4500
001 c040394
005 20230116094505.2
041 0 |a slo 
044 |a SK 
245 1 0 |a Modelovanie procesov tvorby a zdokonaľovania organizačných štruktúr systémov riadenia podniku  |b kandidátska dizertačná práca  |c Alojz Minárik 
264 1 |a Bratislava  |c 1989 
300 |a 178 s. 
100 1 |a Minárik, Alojz 
710 2 |a Vysoká škola ekonomická v Bratislave. Fakulta riadenia